000 00575nam a2200181Ia 4500
008 100920s9999 xx 000 0 und d
082 _b76981
_a24 न 00
100 _aसोनवणी संजय.
245 _aअखेरचा सम्राट.
260 _bपुष्प प्रकाशन लि., पुणे.
_c2000
300 _a230
_bसाधी
365 _b200
520 _aसायो.
630 _aअखेरचा सम्राट.
650 _aसायो.
730 _aअखेरचा सम्राट.
942 _cBOOK
999 _c718317
_d718314